[Event "89th Hastings Masters 2013-14"]
[Site "Hastings ENG"]
[Date "2014.01.05"]
[Round "9.17"]
[White "Kett,T"]
[Black "Erzhanov,A"]
[Result "1/2-1/2"]
[WhiteElo "2223"]
[BlackElo "2325"]

1.e4 d6 2.d4 Nf6 3.Nc3 Nbd7 4.Nf3 e5 5.g4 Nxg4 6.Rg1 Ngf6 7.Bc4 h6 8.Be3 c6
9.dxe5 dxe5 10.Qd3 b5 11.Bb3 Qa5 12.O-O-O Ba6 13.Nb1 g6 14.Nbd2 Be7 15.Bxf7+ Kxf7
16.Qb3+ Ke8 17.Rxg6 c5 18.Qe6 Qb6 19.Qf5 Nf8 20.Nxe5 Bc8 21.Qf4 Nxg6 22.Nxg6 Rh7
23.Nxe7 Rxe7 24.Qxh6 Nh7 25.Qh5+ Rf7 26.Bxc5 Qe6 27.Nb3 Qxe4 28.Be3 Bf5 29.Nd4 Rc8
30.Rd2 Qh1+ 31.Rd1 Qe4 32.Rd2 a6 33.f3 Qxe3 34.Nxf5 Rxc2+ 35.Kxc2 Qc5+ 36.Kd1 Qxf5
37.Re2+ Kf8 38.Qh6+ Kg8 39.Rg2+ Kh8 40.Qc6 Qb1+ 41.Qc1 Qd3+ 42.Ke1 Re7+ 43.Kf2 Qe2+
44.Kg1 Qxf3 45.Rg3 Qe4 46.Qc8+ Re8 47.Qc3+ Qe5 48.Re3 Rg8+ 49.Kf2 Qxc3 50.Rxc3 Rg4
51.Ke3 Nf6 52.Ra3 Nd5+ 53.Kd2 Rg2+ 54.Kd3 Rxb2 55.Rxa6 Rxh2 56.Kd4 Rd2+ 57.Kc5 b4
58.Kc4 Nc7 59.Ra4 Rb2 60.Rxb4 Rxa2 61.Kd4 Ne6+ 62.Ke5 Ng7 63.Rb8+ Kh7 64.Rb1 Ra5+
65.Ke4 Kg6 66.Rf1 Nf5 67.Rb1 Nd6+ 68.Kd4 Kf6 69.Rb8 Ke6 70.Rh8 Ra4+ 71.Kd3 Ke5
72.Rh5+ Nf5 73.Rh8 Kd5 74.Rd8+ Nd6 75.Ke3 Ke5 76.Kf3 Ra3+ 77.Kg4 Ra1 78.Rb8 Rf1
79.Rb2 Rf4+ 80.Kg5 Nf7+ 81.Kg6 Ke6 82.Rb6+ Nd6 83.Kg5 Rf1 84.Kg4 Ke5 85.Ra6 Nf5
86.Ra5+ Ke4 87.Ra4+ Nd4 88.Kg5 Rf5+ 89.Kg4 Rd5 90.Ra8 Ke5 91.Re8+ Ne6 92.Ra8 Rb5
93.Ra4 Nc5 94.Ra8 Rb4+ 95.Kf3 Nd7 96.Ra5+ Kf6 97.Ke3 Ne5 98.Ra8 Nf7 99.Ra5 Rh4
100.Ra6+ Kf5 101.Ra8 Re4+ 102.Kd3 Ne5+ 103.Kc3 Rc4+ 104.Kb3 Rc7 105.Rh8 Nf3
106.Re8 Ne5 107.Rh8 Ke4 108.Rh4+ Ke3 109.Rh3+ Nf3 110.Kb4 Rc1  1/2-1/2

[Event "26th Staufer-Open A 2014"]
[Site "Schwaebisch Gmuend GER"]
[Date "2014.01.06"]
[Round "9.38"]
[White "Pohl,Wa"]
[Black "Seehaus,B"]
[Result "1/2-1/2"]
[WhiteElo "2129"]
[BlackElo "2035"]

1.e4 d6 2.d4 Nf6 3.Nc3 c6 4.Bg5 Nbd7 5.Qd2 h6 6.Bh4 e5 7.f3 Be7 8.Bf2 b5
9.g4 exd4 10.Bxd4 c5 11.Be3 a6 12.a4 b4 13.Nd5 Nxd5 14.Qxd5 Nb6 15.Qd2 Be6
16.Kf2 d5 17.a5 Nc4 18.Bxc4 dxc4 19.Ne2 Qxd2 20.Bxd2  1/2-1/2